| Tag |
First Indicator |
Second Indicator |
Subfields |
| LEADER |
00000pam a2200000 i 4500 |
| 001 |
in00000494331 |
| 005 |
20151013052440.0 |
| 008 |
750114r1975 nyuaf 00010 eng |
| 010 |
|
|
|a 74030665
|
| 020 |
|
|
|a 0405068417
|
| 035 |
|
|
|a (OCoLC)01175993
|
| 035 |
|
|
|9 ACB5548AM
|
| 040 |
|
|
|a DLC
|c DLC
|d TXA
|d UtOrBLW
|
| 043 |
|
|
|a n-us-hi
|
| 049 |
|
|
|a TXAM
|c [1392806]
|
| 050 |
0 |
0 |
|a DU623
|b .W59 1975
|
| 082 |
0 |
|
|a 996.9/02
|
| 100 |
1 |
|
|a Whitney, Caspar,
|d 1862-1929.
|
| 245 |
1 |
0 |
|a Hawaiian America /
|c by Caspar Whitney.
|
| 264 |
|
1 |
|a New York :
|b Arno Press,
|c 1975
|
| 264 |
|
4 |
|c [©1899]
|
| 300 |
|
|
|a xii, 355 pages, 3 unnumbered leaves of plates :
|b illustrations ;
|c 21 cm.
|
| 336 |
|
|
|a text
|b txt
|2 rdacontent
|
| 337 |
|
|
|a unmediated
|b n
|2 rdamedia
|
| 338 |
|
|
|a volume
|b nc
|2 rdacarrier
|
| 490 |
1 |
|
|a American farmers and the rise of agribusiness
|
| 500 |
|
|
|a Reprint of the edition published by Harper, New York.
|
| 650 |
|
0 |
|a Agriculture
|x Economic aspects
|z Hawaii.
|
| 651 |
|
0 |
|a Hawaii
|x Description and travel.
|
| 651 |
|
0 |
|a Hawaii
|x Economic conditions.
|
| 651 |
|
0 |
|a Hawaii
|x Politics and government
|y To 1893.
|
| 651 |
|
0 |
|a Hawaii
|x Politics and government
|y 1893-1900.
|
| 830 |
|
0 |
|a American farmers and the rise of agribusiness.
|
| 999 |
|
|
|a MARS
|
| 999 |
f |
f |
|s 76897e53-8bad-399c-90b4-aa881f3c3ab9
|i edff91f5-8995-373f-bae3-cbd3d62cd18d
|t 0
|
| 952 |
f |
f |
|p ric
|a Texas A&M University
|b Rellis Campus
|c Joint Library Facility
|d Remote Storage
|t 0
|e DU623 .W59 1975
|h Library of Congress classification
|i unmediated -- volume
|m A14802111032
|
| 998 |
f |
f |
|a DU623 .W59 1975
|t 0
|l Remote Storage
|